Héroes y mártires

Bewaard in:
Bibliografische gegevens
Coauteur: CONAPRO
Formaat: Texto
Gepubliceerd in: Managua: CONAPRO
Tags: Voeg label toe
Geen labels, Wees de eerste die dit record labelt!

MARC

LEADER 00000 a a2200000 04500
001 21437
003
040
090 |a 094500  
110 |a CONAPRO  
245 |a Héroes y mártires  
260 |a Managua:   |b CONAPRO  
300 |a 34 p.  
999 |c 12215  |d 12215